Fr. Conceicao Rodrigues College of Engineering

Computers In Business Management (Record no. 32253)

MARC details
000 -LEADER
fixed length control field 00282nam a2200121Ia 4500
100 ## - MAIN ENTRY--PERSONAL NAME
Personal name Dearden/John
245 ## - TITLE STATEMENT
Title Computers In Business Management
260 ## - PUBLICATION, DISTRIBUTION, ETC.
Name of publisher, distributor, etc. Taraporevala Publshing Industries
Date of publication, distribution, etc. 2001
300 ## - PHYSICAL DESCRIPTION
Extent 300
546 ## - LANGUAGE NOTE
Language note ENGLISH
654 ## - SUBJECT ADDED ENTRY--FACETED TOPICAL TERMS
Focus term Management
942 ## - ADDED ENTRY ELEMENTS (KOHA)
Koha item type BOOK
Holdings
Withdrawn status Lost status Damaged status Not for loan Collection Home library Current library Date acquired Cost, normal purchase price Inventory number Total Checkouts Full call number Barcode Date last seen Cost, replacement price Price effective from Koha item type
        AFT Fr. Agnel's C.Rodrigues College of Engineering Fr. Agnel's C.Rodrigues College of Engineering 17/03/2023 29.00 1290   AFT919 17/03/2023 29.00 17/03/2023 BOOK